| 000 | 00766nam a2200229 i 4500 | ||
|---|---|---|---|
| 001 | 181413 | ||
| 003 | ES-MaACL | ||
| 005 | 20231010125506.0 | ||
| 008 | 130114s2011 sp | |||||||| | spa d | ||
| 080 | _a929 Nin, Andreu | ||
| 080 | _a94(460)"1931/39"(093.3) | ||
| 100 | 1 |
_aNin, Andreu. _985748 |
|
| 245 | 1 | 3 |
_aLa revolución española, 1930-1937 / _cAndreu Nin. |
| 260 |
_a[Madrid] : _bDiario Público, _c[2011] |
||
| 300 |
_a379 p. ; _c18 cm. |
||
| 490 | 1 | _aBiblioteca de la República | |
| 651 | 4 |
_aEspaña- _xHistoria- _y1931-1939, II República- _vRelatos personales. _98290 |
|
| 830 | 1 |
_aBiblioteca de la República _9191447 |
|
| 852 |
_aES-MaACL _jA-12421 _9188313 _bR.147210 _cDEPO1 _dOlim: N-5426 |
||
| 942 |
_2udc _cMONOGRAFIA |
||
| 999 |
_c181413 _d181413 |
||